Mario Characters - Statistics

General Stats
  • This quiz has been taken 931 times
  • The average score is 10 of 13
Answer Stats
Hint Answer % Correct
Wears Red Mario
100%
Wears Green Luigi
99%
Short, mushroom headed guy Toad
91%
Red Plumber's Dinosaur steed Yoshi
90%
Always getting kidnapped Princess Peach
87%
Spiked Shell Boss Bowser
86%
Red Plumber's Monkey Enemy Donkey Kong
84%
Large Pink Bird Birdo
80%
Minature of ^ Bowser Jr.
75%
Large Ghost king King Boo
72%
Short, Fat enemy dressed in yellow Wario
68%
Tall, Skinny enemy dressed in blue Waluigi
67%
Small multicolered turtles Koopas
37%
No matching quizzes found
Score Distribution
Percent of People with Each Score
Percentile by Number Answered
Your Score History
You have not taken this quiz